000 00772nam a22002297a 4500
003 DO-SdBNP
005 20171129132945.0
008 171109b 1981 sp |||| |||| 00| 0 spa d
020 _a8402080456
040 _aBPMSU
_bspa
_cBPMSU
092 _axxxx
_bxxxx
100 1 _aGarcía Lorca, Federico,
_d1898-1936.
245 1 0 _aYerma :
_bpoema trágico en tres actos y seis cuadros /
_cFederico García Lorca.
260 _aBarcelona :
_bClub Bruguera,
_c1981
300 _a163, [60 ] p. ;
_c20 cm.
490 1 _aLiteratura universal bruguera
_v78
500 _aIncluye datos biográficos del autor.
830 0 _aLiteratura universal bruguera
_v78
942 _2ddc
_cBK
945 _ainventariado extranjero / DG
956 _aLOPEREZ
_b10
_c20171109
_h00041
_iBPMSU
999 _c12822
_d12822